A romana / (Record no. 344)

MARC details
000 -LÍDER
campo de controle de tamanho fixo 01369nam a2200325 4500
001 - NÚMERO DE CONTROLE
campo de controle 344
003 - IDENTIFICADOR DO NÚMERO DE CONTROLE
campo de controle OSt
005 - DATA E HORÁRIO DA ÚLTIMA TRANSAÇÃO
campo de controle 20250528074018.0
008 - CAMPO DE DADOS FIXOS--INFORMAÇÃO GERAL
campo de controle de tamanho fixo 250331b |||||||e |||| 00| 1 eng d
040 ## - FONTE DA CATALOGAÇÃO
Idioma da catalogação por
041 ## - CÓDIGO DE IDIOMA
Código do idioma do original e/ou traduções intermediárias do texto ita
Código do idioma do texto/trilha sonora ou título diferente por
082 ## - CDD - CLASSIFICAÇÃO DECIMAL DE DEWEY
Número de Classificação 853
Número do exemplar M831r
100 1# - ENTRADA PRINCIPAL--NOME PESSOAL
Nome pessoal Moravia, Alberto,
Datas associadas ao nome 1907-1990.
9 (RLIN) 716
240 ## - TÍTULO UNIFORME
Título uniforme La Romana
245 ## - TÍTULO
Título A romana /
Indicação de responsabilidade, etc. Moravia, Alberto ; Tradução de Marina Colasanti
260 ## - PUBLICAÇÃO, DISTRIBUIÇÃO, ETC.
Local de publicação, distribuição, etc. São Paulo
Nome do editor, distribuidor, etc. Abril
Data da publicação, distribuição, etc. 1972
300 ## - DESCRIÇÃO FÍSICA
Extensão 415 p.
490 1# - TÍTULO DA SÉRIE
Título da série Os imortais da Literatura Universal
Número do volume ou designação sequencial da série vol. 47
520 ## - NOTA DE RESUMO, ETC.
Resumo, etc. Lutando pela sobrevivência, buscando desesperadamente um final feliz para a própria vida, Adriana, a romana, narra sua infeliz trajetória: seduzida por um motorista, envolve-se com outros homens e começa a se prostituir. Entre seus inúmeros amantes, relembra especialmente três: Mino, estudante revolucionário; Astarita, funcionário do governo fascista; Sonzogno, um criminoso. No romance de Moravia, o sexo tem sobretudo valor simbólico.
650 #0 - ASSUNTO--TERMO TÓPICO
Cabeçalho tópico ou nome geográfico Literatura italiana
9 (RLIN) 164
650 #0 - ASSUNTO--TERMO TÓPICO
Cabeçalho tópico ou nome geográfico Amor e Paixão
9 (RLIN) 25
650 #0 - ASSUNTO--TERMO TÓPICO
Cabeçalho tópico ou nome geográfico Polêmica
9 (RLIN) 117
650 #0 - ASSUNTO--TERMO TÓPICO
Cabeçalho tópico ou nome geográfico Emponderamento
9 (RLIN) 32
650 #0 - ASSUNTO--TERMO TÓPICO
Cabeçalho tópico ou nome geográfico Clássicos
9 (RLIN) 77
655 #0 - TERMO DE ÍNDICE--GÊNERO E FORMA
Gênero/forma/ou termo foco Romance
655 #0 - TERMO DE ÍNDICE--GÊNERO E FORMA
Gênero/forma/ou termo foco Ficção
700 1# - ENTRADA ADICIONADA - NOME PESSOAL
Nome pessoal Colasanti, Marina,
Datas associadas ao nome 1937-2025
Função do autor por extenso Tradução
9 (RLIN) 717
830 ## - ENTRADA SECUNDÁRIA DE SÉRIE--TÍTULO UNIFORME
Título uniforme Os Imortais da Literatura Universal
9 (RLIN) 461
Número do volume ou designação sequencial da série vol. 47
942 ## - ELEMENTOS DE ENTRADA ADICIONADOS (KOHA)
Fonte de classificação ou esquema de arquivamento Classificação decimal de Dewey
Ocultar no OPAC Não
Tipo de material Koha Livros
Holdings
Situação do descarte Situação das perdas Fonte de classificação ou esquema de arquivamento Status danificado Não pode ser emprestado Coleção Biblioteca de origem Biblioteca atual Localização na estante Data de aquisição Fonte de aquisição Total de empréstimos Número de chamada completo Código de barras Data de último acesso Data do preço efetivo Tipo de material Koha
    Classificação decimal de Dewey     Ficção Biblioteca Professor Eduardo Afonso de Castro Biblioteca Professor Eduardo Afonso de Castro Literatura Estrangeira 31.03.2025 doação   853 / M831r 2025-17298 31.03.2025 31.03.2025 Livros

Powered by Koha